书目信息 |
| 题名: |
讽刺笑话选
|
|
| 作者: | 李书华 编 | |
| 分册: | ||
| 出版信息: | 石家庄 河北人民出版社 1957.09 |
|
| 页数: | 43页 | |
| 开本: | 19cm | |
| 丛书名: | ||
| 单 册: | ||
| 中图分类: | I276.8 | |
| 科图分类: | ||
| 主题词: | 民间文学--中国 | |
| 电子资源: | ||
| ISBN: | ||
| 000 | 00542nam0 2200205 45 | |
| 001 | 0211041448 | |
| 005 | 20040413103417.2 | |
| 010 | @dCNY0.16 | |
| 091 | @a10086.85 | |
| 100 | @a20021104d1957 km y0chiy0120 ea | |
| 101 | 0 | @achi |
| 105 | @a z 000dy | |
| 200 | 1 | @a讽刺笑话选@AFeng Ci Xiao Hua Xuan@f李书华编@FLi Shu Hua Bian |
| 210 | @a石家庄@c河北人民出版社@d1957.09 | |
| 215 | @a43页@d19cm | |
| 606 | 0 | @a民间文学@x中国 |
| 690 | @aI276.8@v3 | |
| 701 | 0 | @a李书华@4编 |
| 801 | @aCN@bTSTC@c20030610 | |
| 905 | @dI276.8@e15@f2@b32296-297 | |
| 讽刺笑话选/李书华编.-石家庄:河北人民出版社,1957.09 |
| 43页;19cm |
| ISBN :CNY0.16 |
| ● |
| 相关链接 |
|
|
|
|
正题名:讽刺笑话选
索取号:I276.8/15
 
预约/预借
| 序号 | 登录号 | 条形码 | 馆藏地/架位号 | 状态 | 备注 |
| 1 | 0032293 | 001618039 | 密集书库/ [索取号:I276.8/15] | 在馆 | |
| 2 | 0032295 | 001809911 | 密集书库/ [索取号:I276.8/15] | 在馆 | |
| 3 | 0032296 | 000790228 | 第二借阅区/ [索取号:I276.8/15] | 在馆 | |
| 4 | 0032297 | 000037267 | 第一样本阅览室/ [索取号:I276.8/15] | 在馆 |